Statistics for Pokémon Signature Moves

Click here to take the quiz!

General Stats

  • This quiz has been taken 50 times
    (44 since last reset)
  • The average score is 20 of 29

Answer Stats

PokemonSignature Move% Correct
HawluchaFlying Press
91%
MiltankMilk Drink
91%
DittoTransform
91%
ChatotChatter
88%
VespiquenAttack Order, Defend Order, Heal Order
84%
CuboneBone Club, Bonemerang
84%
HeracrossMegahorn
84%
OctilleryOctazooka
84%
MeowthPay Day
84%
BeedrillTwinneedle
81%
KlinklangGear Grind, Shift Gear
78%
PorygonConversion, Conversion 2, Sharpen
75%
GalvantulaElectroweb
72%
GolisopodFirst Impression
72%
KadabraKinesis
72%
ToucannonBeak Blast
66%
SphealIce Ball
66%
MalamarTopsy Turvy
66%
SeviperPoison Tail
63%
PumpkabooTrick-or-Treat
63%
LycanrocAccelerock
59%
CacturneNeedle Arm
59%
TogedemaruZing Zap
59%
OricorioRevelation Dance
56%
PalossandShore Up
56%
HariyamaSmelling Salts
47%
ZangooseCrush Claw
44%
SkittyAssist
38%
PanchamParting Shot
31%

Score Distribution

Percentile by Number Answered

Percent of People with Each Score

Your Score History

You have not taken this quiz since the last reset